000 00678nam a2200241Ia 4500
003 OSt
005 20221005121457.0
006 a|||||r|||| 00| 0
007 ta
008 221004b |||||||| |||| 00| 0 urd d
020 _c200
024 _a3178
037 _b5734/14, 20/03/2010, Modern Publishing House
_cTextual
040 _aCRL
_cCRL
_burd
041 _2urd
_aurd
082 _aNA44:(Q7), 168N5
100 _aWaheed Sahab
245 0 _aHindi Islami fun e tameer
260 _c1995
650 _aURDU LITERATURE
942 _hNA44:(Q7), 168N5
_cTEXL
_2cc
999 _c1041267
_d1041267